El gran Gatsby

Guardado en:
Detalles Bibliográficos
Autor principal: Fitzgerald, Francis Scott (Autor)
Formato: Libro
Lenguaje:español
Publicado: Santiago Portada 1985
Materias:
Etiquetas: Agregar Etiqueta
Sin Etiquetas, Sea el primero en etiquetar este registro!

MARC

LEADER 00000nam a2200000 a 4500
001 UCX1631
003 CL-VaPUC
008 901005e19850000CL |||||||||||||||||spa|d
082 0 4 |a 813  |b FIT  |2 21 
100 0 |a Fitzgerald, Francis Scott  |e author  |9 317193 
245 1 3 |a El gran Gatsby 
300 |a 187 p 
942 |c BK 
945 |d 19901005 00:00:00 
260 |a Santiago  |b Portada  |c 1985 
500 |a Texto que acompaña a Revista Que Pasa 
650 0 |a Novelas estadounidenses  |9 265217 
583 |a last modification  |c 19901005 00:00:00  |k Rodrigo Vera 
999 |c 222819  |d 222817 
952 |0 0  |1 0  |4 0  |6 813_000000000000000_FIT_1985  |7 0  |8 P  |9 218059  |a BIBEDU  |b BIBEDU  |c BIBEDU_PB  |d 2019-11-15  |i 286908K  |o 813 FIT 1985  |p 286908K  |r 2024-01-25  |w 2019-11-15  |y BK  |k LIT